000 00738nam a2200205 i 4500
001 74267
003 ES-MaACL
005 20250809040224.0
007 t|
008 040916s1973 sp ||||1| spa d
100 1 _aGonzález García, Eusebio.
_958646
245 1 0 _aIntroducción al derecho presupuestario
_b: concepto, evolución histórica y naturaleza jurídica /
_cEusebio González García.
260 _aMadrid :
_bEditorial de Derecho Financiero,
_c1973.
300 _aLXXIV, 263 p. ;
_c20 cm.
490 1 _aMonografías Tributarias ;
_v8
650 7 _aDerecho presupuestario
_2embne
_9155325
830 0 0 _aMonografías tributarias
_v8
_9231208
852 _aES-MaACL
_jC-54911
_bR.87144
999 _c74267
_d74267